| 000 | 01043nam0a22003011 4500 | ||
|---|---|---|---|
| 001 | v19\rc\2003317 | ||
| 005 | 20251118181317.1 | ||
| 035 | _a(NLR Aleph) 005078712 | ||
| 090 |
_a7173350 _c7173350 |
||
| 100 | _a20080811d1915 u y0rusy50 ca | ||
| 101 | 0 | _arus | |
| 102 | _aRU | ||
| 105 | _ay z ||||| | ||
| 200 | 1 |
_aПоследние годы последнего крымского хана Шагин-Гирея, в связи с пребыванием его в Воронеже _fА.О. Коссецкий |
|
| 210 |
_aВоронеж _cтипо-лит. т-ва "Н. Кравцов и К°" _d1915 |
||
| 215 |
_a11 с. _d17 |
||
| 309 | _aБез тит. л. | ||
| 700 | 1 |
_aКоссецкий _bА.О. _gАнтон Оттович |
|
| 702 | 0 |
_aШагин-Гирей _cкрым. хан _4570 |
|
| 801 | 0 |
_aRU _bNLR _gpsbo |
|
| 801 | 0 |
_aRU _bRuMoRGB _2psbo |
|
| 801 | 1 |
_aRU _bProSoft-M _2rusmarc |
|
| 852 |
_aNLR _j37.57.6.159 |
||
| 899 |
_aRuMoRGB _jV 114/1898 |
||
| 899 |
_aRuMoRGB _jU 281/917 |
||
| 899 | _aБАН | ||
| 942 | _cBOOK | ||
| 980 | _aNB | ||